Central Library OPAC University of Rajshahi

Lectures on particles and field theory / (Record no. 9484)

MARC details
000 -LEADER
fixed length control field 00946nam a2200289 a 4500
001 - CONTROL NUMBER
control field 9484
003 - CONTROL NUMBER IDENTIFIER
rucl marc code BD-RjUL
005 - DATE AND TIME OF LATEST TRANSACTION
control field 20211208234803.0
008 - FIXED-LENGTH DATA ELEMENTS--GENERAL INFORMATION
fixed length control field 140121s1965 njua b 000 0 eng
035 ## - SYSTEM CONTROL NUMBER
System control number (BD-RjUL) 9529
System control number (OCoLC)1239932
040 ## - CATALOGING SOURCE
Original cataloging agency DLC
Transcribing agency OTU
Modifying agency OCoLC
-- DLC
-- BD-RjUL
Language of cataloging eng
041 ## - LANGUAGE CODE
Language code of text/sound track or separate title eng
082 ## - DEWEY DECIMAL CLASSIFICATION NUMBER
Edition number 22
Classification number 559.72
Author mark and year LEC 1965
111 2# - MAIN ENTRY--MEETING NAME
Meeting name or jurisdiction name as entry element Brandeis University Summer Institute in Theoretical Physics
Date of meeting (1964)
9 (RLIN) 218916
245 10 - TITLE STATEMENT
Title Lectures on particles and field theory /
Statement of responsibility, etc. [by] K. Johnson [and others. Notes by] P. Yock [and others]
260 ## - PUBLICATION, DISTRIBUTION, ETC. (IMPRINT)
Place of publication, distribution, etc. Englewood Cliffs, N.J. :
Name of publisher, distributor, etc. Prentice-Hall,
Date of publication, distribution, etc. 1965
300 ## - PHYSICAL DESCRIPTION
Pagination v. :
Illustrations ill. ;
Size 23 cm.
490 ## - SERIES STATEMENT
Volume/sequential designation 2
504 ## - BIBLIOGRAPHY, ETC. NOTE
Bibliography, etc Includes bibliographies.
505 0# - FORMATTED CONTENTS NOTE
Formatted contents note Vol. 2 --
650 #0 - SUBJECT ADDED ENTRY--TOPICAL TERM
Topical term or geographic name as entry element Particles (Nuclear physics)
9 (RLIN) 20725
Topical term or geographic name as entry element Quantum field theory.
9 (RLIN) 25662
700 1# - ADDED ENTRY--PERSONAL NAME
Personal name Johnson, K.
Fuller form of name (Kenneth),
Dates associated with a name 1931-
942 ## - ADDED ENTRY ELEMENTS (KOHA)
Source of classification or shelving scheme Dewey Decimal Classification
Koha item type Books
Holdings
Lost status Source of classification or shelving scheme Damaged status Not for loan Collection code Permanent Location Current Location Shelving location Date acquired Source of acquisition Cost, normal purchase price Total Checkouts Full call number Date last seen Copy number Koha item type
  Dewey Decimal Classification     Non-fiction Central Library, University of Rajshahi Central Library, University of Rajshahi Reading Room 12/11/1973 Rajshahi Mitali prakashani 63.75   559.72 LEC V-2 1965 21/01/2014 C-2 Books
  Dewey Decimal Classification   Not For Loan Non-fiction Central Library, University of Rajshahi Central Library, University of Rajshahi Reading Room 21/09/1972 Zeitlinger 3.55   559.72 LEC V-2 1965 11/05/2017 C-1 Books
  Dewey Decimal Classification     Non-fiction Central Library, University of Rajshahi Central Library, University of Rajshahi   12/11/1973 Raj. Mitali Prokasoni 63.75   559.72 LEC V-2 1965 11/05/2017 C-3 Books